| 000 | 00684nas a2200241 4500 | ||
|---|---|---|---|
| 001 | BR9205688 | ||
| 003 | BR-BrBNA | ||
| 005 | 20231205100423.0 | ||
| 007 | ta | ||
| 008 | 230509b bl.|||p| |||| 00| 00por d | ||
| 040 |
_aBR-BrBNA _bpor _cBiblioteca Nacional de Agricultura |
||
| 041 | _a(Pt) | ||
| 072 | _aL73 | ||
| 100 | 1 | _aAnon. | |
| 245 | 1 | _aMais um passo foi dado na luta contra coccidiose | |
| 650 | _aCoccidiose | ||
| 650 | _aControle Biologico | ||
| 650 | _aAve Domestica | ||
| 650 | _aPratico | ||
| 773 | 0 |
_tAgricultura e Pecuaria (Brazil) _xISSN 0100-249X _g(May 1969), (no. 538) p. 18 _wBR9205688 |
|
| 909 |
_a202311 _bLúcia _c55 _dLúcia Elande |
||
| 942 |
_2AGRIS _n0 _cANA |
||
| 999 |
_c155912 _d155912 |
||